000 00788nas a2200229 4500
001 BR8204658
003 BR-BrBNA
005 20231205085222.0
007 ta
008 230509b bl.|||p| |||| 00| 00por d
040 _aBR-BrBNA
_bpor
_cBiblioteca Nacional de Agricultura
041 _a(Pt)
072 _aF00
100 1 _aAndrade, V.A. de (Unidade de Execucao de Pesquisa de Ambito Estadual de Pelotas, RS (Brazil))
245 1 _aArroz irrigado no sistema de plantio direto [Oryza sativa, Rio Grande do Sul, Brasil]
650 _aARROZ IRRIGADO
650 _aPLANTIO DIRETO
650 _aRIO GRANDE DO SUL
773 0 _tLavoura Arrozeira (Brazil)
_xISSN 0023-9143
_g(Sep 1982), v. 35(338) p. 24-26
_wBR8204658
909 _a202311
_bLúcia
_c55
_dLúcia Elande
942 _2AGRIS
_n0
_cANA
999 _c110062
_d110062